| 000 | 00671cam a2200253 4500 | ||
|---|---|---|---|
| 001 | M88989 | ||
| 008 | 090401t1997 xxu||||| |||| 00| 0 eng d | ||
| 035 | _a(Sirsi) u83388 | ||
| 041 | _aeng | ||
| 050 | _a333.70285 | ||
| 100 | _aMcMahon, P | ||
| 245 | _aGeographic information sytems in the construction industry : an underused resource? | ||
| 260 |
_aAscot, Berks. _bCIOB _c1997 |
||
| 300 | _a8p. ; 30cm. | ||
| 350 | _a0 | ||
| 490 |
_aConstruction Papers _v82 |
||
| 650 | _aCONSTRUCTION INDUSTRY | ||
| 650 | _aGIS | ||
| 650 | _aGIS | ||
| 690 | _aLAND SURVEYING | ||
| 710 |
_aThe Chartered Institute of Building _92131 |
||
| 942 | _n0 | ||
| 948 | _c29/01/1998 | ||
| 999 |
_c96890 _d96890 |
||